MECANICA DE SUELOS (Registro nro. 63038)
[ vista simple ]
| 000 -LEADER | |
|---|---|
| campo de control de longitud fija | 00253 a2200121 4500 |
| 000 - LEADER | |
| campo de control de longitud fija | nam a22 7a 4500 |
| 020 ## - NÚMERO INTERNACIONAL ESTÁNDAR DEL LIBRO | |
| Número Internacional Estándar del Libro | 9681818946 |
| 100 ## - ENTRADA PRINCIPAL--NOMBRE DE PERSONA | |
| Nombre de persona | T WILLIAM LAMBE |
| 245 ## - MENCIÓN DEL TÍTULO | |
| Título | MECANICA DE SUELOS |
| 250 ## - MENCION DE EDICION | |
| Mención de edición | 2 |
| 260 ## - PUBLICACIÓN, DISTRIBUCIÓN, ETC. | |
| Nombre del editor, distribuidor, etc. | LIMUSA |
| Fecha de publicación, distribución, etc. | 2001 |
| 942 ## - ELEMENTOS DE ENTRADA SECUNDARIOS (KOHA) | |
| Tipo de ítem Koha | Libros físicos |
| 980 ## - EQUIVALENCIA O REFERENCIA-CRUZADA-MENCIÓN DE SERIE--NOMBRE DE PERSONA/TÍTULO [LOCAL, CANADÁ] | |
| ID del usuario creador del registro | 21515 |
| Nombre del creador del registro | ROMINA COBOS Adquisiciones |
| ID del último usuario que modificó el registro | 21515 |
| Nombre del último usuario que modificó el registro | ROMINA COBOS Adquisiciones |
No hay ítems disponibles.